Central Library OPAC University of Rajshahi

Volcanoes and their activity / (Record no. 73802)

MARC details
000 -LEADER
fixed length control field 00716nam a2200229 a 4500
001 - CONTROL NUMBER
control field 73802
003 - CONTROL NUMBER IDENTIFIER
rucl marc code BD-RjUL
005 - DATE AND TIME OF LATEST TRANSACTION
control field 20211209082440.0
008 - FIXED-LENGTH DATA ELEMENTS--GENERAL INFORMATION
fixed length control field 170612s1962 nyuaf 001 0 eng d
035 ## - SYSTEM CONTROL NUMBER
System control number (BD-RjUL)74020
040 ## - CATALOGING SOURCE
Original cataloging agency LC
Language of cataloging eng
Transcribing agency LC
Modifying agency LC
-- BD-RjUL
041 1# - LANGUAGE CODE
Language code of text/sound track or separate title eng
082 04 - DEWEY DECIMAL CLASSIFICATION NUMBER
Classification number 551.21
Edition number 23
Author mark and year RIV 1962
100 1# - MAIN ENTRY--PERSONAL NAME
Personal name Rittmann, Alfred.
Dates associated with a name 1893-
9 (RLIN) 218529
245 10 - TITLE STATEMENT
Title Volcanoes and their activity /
Statement of responsibility, etc. A. Rittmann ; translated from the second German edition by E.A. E.A. Vincent.
260 ## - PUBLICATION, DISTRIBUTION, ETC. (IMPRINT)
Place of publication, distribution, etc. New York :
Name of publisher, distributor, etc. Interscience Publishers,
Date of publication, distribution, etc. 1962.
300 ## - PHYSICAL DESCRIPTION
Pagination xiv, 305 p. :
Illustrations ill. ;
Size 24 cm.
500 ## - GENERAL NOTE
General note Includes indexes.
650 #0 - SUBJECT ADDED ENTRY--TOPICAL TERM
Topical term or geographic name as entry element Volcanoes.
9 (RLIN) 218530
700 ## - ADDED ENTRY--PERSONAL NAME
Personal name Vincent, E.A.
942 ## - ADDED ENTRY ELEMENTS (KOHA)
Source of classification or shelving scheme Dewey Decimal Classification
Koha item type Books
Holdings
Lost status Source of classification or shelving scheme Damaged status Not for loan Collection code Permanent Location Current Location Shelving location Date acquired Source of acquisition Cost, normal purchase price Total Checkouts Full call number Date last seen Copy number Koha item type
  Dewey Decimal Classification   Not For Loan Non-fiction Central Library, University of Rajshahi Central Library, University of Rajshahi Reading Room 09/09/1964 Zeitlinger 90.00   551.21 RIV 1962 12/06/2017 C-1 Books